000 00433nam a2200181Ia 4500
001 11513
005 20260306162833.0
008 260306t2005||||xx |||||||||||||| ||spa||
041 _aESP
082 _a985.0633
_bD75
100 _aDiez Canseco Terry, Raúl
_eAUT
245 0 _aLa verdad sobre el D.S. 047
260 _c2005
300 _a152 páginas :
_c21 cm.
650 _aGEN
654 _aCHU
942 _cLIB
_dJUS
_fJUS
_2ddc
_n
999 _c11513
_d11513